Tratado de gestión del medio ambiente urbano

Guardat en:
Dades bibliogràfiques
Autor principal: Seóanez Calvo, Mariano (Autor)
Format: Llibre
Idioma:espanyol
Publicat: Madrid Mundi-Prensa 2000
Col·lecció:Colección Ingeniería del Medio Ambiente
Matèries:
Etiquetes: Afegir etiqueta
Sense etiquetes, Sigues el primer a etiquetar aquest registre!

MARC

LEADER 00000cam a2200000 a 4500
001 UCG2830
003 CL-VaPUC
008 100729e20000000SP |||||||||||||||||spa|d
020 |a 8471149591 
082 0 4 |a 628  |b SEO  |2 21 
100 0 |a Seóanez Calvo, Mariano  |e author  |9 551461 
245 1 0 |a Tratado de gestión del medio ambiente urbano 
300 |a 395 p 
942 |c BK 
945 |d 20100729 00:00:00  |a mfarfan 
260 |a Madrid  |b Mundi-Prensa  |c 2000 
650 0 |a Gestión ambiental   |9 338121 
650 0 |a Ingeniería ambiental  |9 328689 
583 |a last modification  |c 20120301 10:32:31  |k Rodrigo Vera 
490 0 |a Colección Ingeniería del Medio Ambiente 
999 |c 341952  |d 341950 
952 |0 0  |1 0  |4 0  |6 628_000000000000000_SEO_2000  |7 0  |8 A  |9 437813  |a BIBING  |b BIBING  |d 2019-11-22  |i 4697014  |o 628 SEO 2000  |p 4697014  |r 2025-01-20  |w 2019-11-22  |y BK  |k CCL 
952 |0 0  |1 0  |4 0  |6 628_000000000000000_SEO_2000  |7 0  |8 A  |9 437814  |a BIBING  |b BIBING  |d 2019-11-22  |i 4843223  |o 628 SEO 2000  |p 4843223  |r 2025-01-20  |w 2019-11-22  |y BK  |k CCL